| 000 | 00797nam a2200241Ia 4500 | ||
|---|---|---|---|
| 003 | OSt | ||
| 005 | 20240828095353.0 | ||
| 008 | 210716s2005 xx 000 0 und d | ||
| 020 | _a9780743277785 | ||
| 040 | _cAIMIT LIBRARY | ||
| 041 | _aeng | ||
| 082 |
_a374.22 _21 _bWOMJ |
||
| 100 |
_aWomack, James P. _9178032 |
||
| 245 |
_aLean solutions : _bHow companies and customers can create value and wealth together / _cBy James P Womack and Daniel T Jones. |
||
| 250 | _a1st ed. | ||
| 260 |
_aNew York : _c2005. _bFree Press , |
||
| 300 |
_a355p. ; _bHB _c25.3 cm |
||
| 650 |
_aLearning to see consumption _9178033 |
||
| 650 |
_aLearning to see provision _9178034 |
||
| 650 |
_aSolve my problem when i want _9178035 |
||
| 700 |
_aJones, Daniel T. _9178036 |
||
| 942 |
_2ddc _cBK _e1st _k374.22 WOMJ |
||
| 999 |
_c206330 _d206330 |
||